|
|
|
|
| LEADER |
00635cam a2200193 7i4500 |
| 001 |
0000003751 |
| 005 |
20170218090000.0 |
| 020 |
|
|
|a 0273646834 (pbk.)
|
| 020 |
|
|
|a 9780273646839
|
| 090 |
0 |
0 |
|a HF5635
|b .D97 2001
|
| 100 |
1 |
|
|a Dyson, J. R
|
| 245 |
1 |
0 |
|a Accounting for non-accounting students
|c J.R. Dyson.
|
| 250 |
|
|
|a 5th ed.
|
| 260 |
|
|
|a Harlow, England:
|b Financial Times/Prentice Hall,
|c 2001.
|
| 300 |
|
|
|a xiv, 483 p.:
|b col. ill.;
|c 25 cm.
|
| 650 |
0 |
0 |
|a Accounting
|
| 997 |
|
|
|a Business & Accountancy, Faculty
|
| 999 |
|
|
|a 0000004250
|b BOK
|c OPEN SHELF
|e 1st Floor, Shah Alam
|
| 999 |
|
|
|a 0000023913
|b BOK
|c OPEN SHELF
|e 1st Floor, Shah Alam
|